| 000 | 00762nam a22002177a 4500 | ||
|---|---|---|---|
| 005 | 20081022122531.0 | ||
| 008 | 081022t xxu||||| |||| 00| 0 eng d | ||
| 010 | _aENG-84317 | ||
| 020 | _a0195681606 | ||
| 020 | _c575.00 (hb) | ||
| 035 | _aEN-67850 | ||
| 082 | _a338.1 / ROB | ||
| 100 | _aRobb, Peter | ||
| 245 |
_aPeasants, political economy, and law / _cby Peter Robb |
||
| 260 |
_aNew Delhi _bOxford University Presshing |
||
| 260 | _c2007 | ||
| 300 |
_aviii,223p _c24cm |
||
| 500 | _aIncludes bibliographical references and index | ||
| 942 |
_2ddc _cEN _h338.1 _mROB |
||
| 999 |
_c17655 _d17655 |
||